000 01460cam a22002054a 4500
005 20250605164043.0
008 250528s ||||||||||||||||||||||||d
035 _a17049
020 _a43201806
040 _aGR-AtMCL
_bgre
_dGR-AtMCL
_eAACR2
245 1 _aNationalism and National Integration
260 _c1989
300 _a260
520 _aA stimulating analysis of the theory of nationalism, and the theories, process and problems of national integration. List of Tables, Acknowledgements, Theory and Principles, Concepts and Problems, The Origins and Nature of Nationalist Theory, Nationalism and Its Critics, National Integration, The Question of Minority Rights, Minority Nationalist Movements and the Question of Secession, Practice and Experience, National Integration in the United Kingdom, The British State, Wales and Scotland, Ireland, Colored Minorities, National Integration and Nationalism, National Integration in Canada, The Canadian State, Anglophones and Francophones, Ethic Diversity and Multiculturalism, The Indigenous Peoples, National Integration and Nationalism, National Integration in Australia, The Australian State, Ethnicity and Immigration, Multiculturalism, The Integration of Immigrants, The Indigenous People, National Integration and Nationalism, Conclusions, Bibliography, Index.
700 1 _aBirch H. Anthony
_93158
700 1 _aUnwin Hyman
_9199
942 _cBK
999 _c2489
_d2489